000 00476nam a2200181Ia 4500
005 20250508162541.0
008 008 250505s9999 xx 000 0 hin d
037 _aTextual
040 _aFEDL
_beng
_cFEDL
041 _ahin
_2eng
084 _aFH, BAR
_qFEDL
100 _aBarlinge Surendra
_9516309
245 0 _aMera mein pan
260 _aDelhi, India
_bKanishik Prakashan
_c1985
300 _a124p.
942 _cTEXL
_hFH, BAR
999 _c1377249
_d1377249